| Tag |
First Indicator |
Second Indicator |
Subfields |
| LEADER |
00000cam a2200000 4500 |
| 001 |
in00000665372 |
| 005 |
20151015083010.0 |
| 008 |
800924r18361836miuh a 00010 eng d |
| 035 |
|
|
|a (OCoLC)06745927
|
| 035 |
|
|
|9 ACX9896AM
|
| 040 |
|
|
|a EEU
|c TXA
|d UtOrBLW
|
| 049 |
|
|
|a TXAI
|
| 090 |
|
|
|a E176
|b .S81 vol. 5
|a E78.M4E505
|
| 092 |
|
|
|a 285/.8/0924
|
| 099 |
|
|
|a film
|a B
|a 1512
|a reel
|a 371.6
|
| 100 |
1 |
|
|a Francis, Convers,
|d 1795-1863.
|
| 245 |
1 |
0 |
|a Life of John Eliot :
|b the apostle to the Indians /
|c By Convers Francis.
|
| 264 |
|
1 |
|a Boston :
|b Hilliard, Gray;
|a London :
|b R. J. Kennett,
|c 1836.
|
| 300 |
|
|
|a 3 pages ., [v]-xii, 357 pages :
|b facsimiles ;
|c 18 cm.
|
| 336 |
|
|
|a text
|b txt
|2 rdacontent
|
| 337 |
|
|
|a microform
|b h
|2 rdamedia
|
| 338 |
|
|
|a microfilm reel
|b hd
|2 rdacarrier
|
| 500 |
|
|
|a Added title page, The library of American biography. Conducted by Jared Sparks. Volume 5.
|
| 500 |
|
|
|a Added t.-p., engraved with vignette.
|
| 500 |
|
|
|a Microfilm. Ann Arbor, Mich. University Microfilms (n.d.) (American Culture Series, Reel 371.6)
|
| 500 |
|
|
|a Microform.
|
| 600 |
1 |
0 |
|a Eliot, John,
|d 1604-1690.
|
| 700 |
1 |
|
|a Sparks, Jared,
|d 1789-1866.
|
| 999 |
|
|
|a MARS
|
| 999 |
f |
f |
|s 3d2f09d4-7fca-371b-b6d3-7ceae27b1ebf
|i f1102bf6-b857-3378-92df-6a83999f5da4
|t 0
|
| 952 |
f |
f |
|p default
|a Texas A&M University
|b College Station
|c Sterling C. Evans Library
|d Evans: Microforms (3rd floor)
|t 0
|e film B 1512 reel 371.6
|h Other scheme
|i microform -- microfilm reel
|
| 998 |
f |
f |
|a film B 1512 reel 371.6
|t 0
|l Evans: Microforms (3rd floor)
|